| 000 | 01187nam a22003377a 4500 | ||
|---|---|---|---|
| 003 | CHAP | ||
| 005 | 20220329141031.0 | ||
| 008 | 971013s1992 r 00010 d | ||
| 010 | _a61599 | ||
| 011 | _a62571 | ||
| 035 | _a66745 | ||
| 040 | _cCHAP | ||
| 090 | _aFolleto 14753 | ||
| 100 | 0 | 0 |
_aOropeza Mota, José Luis. _983645 |
| 245 | _aDesarrollo de terrazos de muro vivo para incrementar y mantener la productividad agropecuaria en suelos de ladera | ||
| 260 |
_aMontecillo, Méx. : _bColegio de Postgraduados, _c1992 |
||
| 300 | _a15 h. | ||
| 500 | _aAntepropuestas para presentarse ante la Organización de las Naciones Unidas para la Agricultura y la Alimentación | ||
| 590 |
_aBATCH-UPD _b10 _c20130110 _lUCH01 _h0703 |
||
| 590 |
_aBATCH-UPD _b10 _c20130410 _lUCH01 _h0348 |
||
| 590 |
_aBATCH-UPD _b10 _c20130914 _lUCH01 _h1051 |
||
| 590 |
_aCONVERSION _b10 _c20130109 _lUCH01 _h1333 |
||
| 650 | 1 | 4 |
_aErosión. _937335 |
| 650 | 1 | 4 |
_aLaderas. _964360 |
| 650 | 1 | 4 |
_aSuelos _xConservación. _9110283 |
| 650 | 1 | 4 |
_aTerrazas. _9112392 |
| 700 | 0 |
_aCortes Flores, José Luis. _928291 |
|
| 901 | _aBK | ||
| 942 | _cFOLL | ||
| 949 |
_aFolleto 14753 _bBC _cUACH _d-151967 _eUACH _i66745 _si |
||
| 999 |
_c61599 _d61599 |
||